Around the world via the southern hemisphere (Record no. 6868)

MARC details
000 -CABECERA
campo de control de longitud fija 00626nam a2200193 a 4500
001 - NÚMERO DE CONTROL
campo de control BRCA_7187
005 - FECHA Y HORA DE LA ÚLTIMA TRANSACCIÓN
campo de control 20190320205737.0
008 - DATOS DE LONGITUD FIJA--INFORMACIÓN GENERAL
campo de control de longitud fija 130112s1926----nyuao#####---#000-0#eng-#
041 ## - CÓDIGO DE LENGUA
Código de lengua del texto/banda sonora o título independiente eng
044 ## - CÓDIGO DEL PAÍS DE LA ENTIDAD EDITORA/PRODUCTORA
Código MARC del país nyu
050 #4 - SIGNATURA TOPOGRÁFICA DE LA BIBLIOTECA DEL CONGRESO
Número de clasificación G440
Número de documento/Ítem .A76 1926
245 10 - MENCIÓN DE TÍTULO
Título Around the world via the southern hemisphere
Resto del título the cruise of 1927, sailing from New York, January 12th an from Los angeles, January 28th, returning to New York, June 2nd.
260 ## - PUBLICACIÓN, DISTRIBUCIÓN, ETC.
Lugar de publicación, distribución, etc. Nueva York
Nombre del editor, distribuidor, etc. T. Cook & Son
Fecha de publicación, distribución, etc. 1926
300 ## - DESCRIPCIÓN FÍSICA
Extensión 87 p.
Otras características físicas il., fotografías
Dimensiones 23 cm.
500 ## - NOTA GENERAL
Nota general P79
650 14 - PUNTO DE ACCESO ADICIONAL DE MATERIA--TÉRMINO DE MATERIA
Término de materia o nombre geográfico como elemento de entrada Viajes al rededor del mundo
9 (RLIN) 15532
902 ## - CATALOGADOR
Iniciales GFM
942 ## - ELEMENTOS DE PUNTO DE ACCESO ADICIONAL (KOHA)
Fuente del sistema de clasificación o colocación Library of Congress Classification
Tipo de ítem Koha Libros
Holdings
Estado de retiro Estado de pérdida Estado dañado No para préstamo Localización permanente Ubicación/localización actual Fecha de adquisición Número de inventario Total de préstamos Signatura topográfica completa Código de barras Fecha visto por última vez Precio válido a partir de Tipo de ítem Koha
El ejemplar forma parte de la colección y puede ser consultado según las políticas vigentes.       Biblioteca del Museo Franz Mayer (Rogerio Casas-Alatriste) Biblioteca del Museo Franz Mayer (Rogerio Casas-Alatriste) 13/01/2012 P79   G440 .A76 1926 (P79) 7634 22/03/2019 22/03/2019 Libros